Βιώσιμη ανάπτυξη των νησιών της περιφέρειας Βορείου Αιγαίου : ΣΜΠΕ Βορείου Αιγαίου και εφαρμογή του μοντέλου DPSIR : διατριβή
Saved in:
| Main Author: | |
|---|---|
| Corporate Author: | |
| Other Authors: | |
| Format: | Thesis Book |
| Language: | Greek |
| Published: |
2009
|
| Subjects: | |
| Online Access: | http://hdl.handle.net/11610/15039 |
| Tags: |
Add Tag
No Tags, Be the first to tag this record!
|
MARC
| LEADER | 00000cam a2200000 i 4500 | ||
|---|---|---|---|
| 001 | 1/8343 | ||
| 008 | 100611s2009 gre d | ||
| 035 | |l 10108217 | ||
| 040 | |a GR-MY-UA |b gre |e aacr | ||
| 041 | 0 | |a gre | |
| 082 | 0 | |a 338.9 |2 (22) | |
| 100 | 1 | |a Πασχαλίδη, Αθηνά. | |
| 245 | 1 | 0 | |a Βιώσιμη ανάπτυξη των νησιών της περιφέρειας Βορείου Αιγαίου : |b ΣΜΠΕ Βορείου Αιγαίου και εφαρμογή του μοντέλου DPSIR : διατριβή / |c Πασχαλίδη Αθηνά ; επιβλέπων καθηγητής: Σπιλάνης Ιωάννης |
| 260 | |c 2009 | ||
| 300 | |a 101 σ.; |b εικ., πιν.; |c 30 εκ. | ||
| 500 | |a Βιβλιογραφία: σ. 96-99 | ||
| 502 | |a Διατριβή (μεταπτυχιακή) – Πανεπιστήμιο Αιγαίου, Λέσβος, 2009. | ||
| 650 | 0 | 0 | |a Sustainable development. |
| 650 | 0 | 0 | |a Sustainable development |z Greece. |
| 650 | 0 | 0 | |a Sustainable development |x Law and legislation. |
| 650 | 0 | 0 | |a Dissertations, Academic |z Greece. |
| 700 | 1 | |a Σπιλάνης, Γιάννης. |4 ths | |
| 710 | 2 | |a Πανεπιστήμιο Αιγαίου |b Σχολή Περιβάλλοντος |b Τμήμα Περιβάλλοντος |b Πρόγραμμα Μεταπτυχιακών Σπουδών Περιβαλλοντική Πολιτική και Διαχείριση. | |
| 852 | |a INST |b LESVOS |c DIATR |e 20100611 |h 619 |p 005100047734 |q 005100047734 |t MTXE |y 23 | ||
| 852 | |a INST |b LESVOS |c DIATR |e 20100611 |h 620 |p 005100047735 |q 005100047735 |t MTXE |y 23 | ||
| 856 | |u http://hdl.handle.net/11610/15039 | ||
| 901 | |a BIBL1-2010-2 | ||
| 909 | |a Λ |b 164701 | ||
| 909 | |a Λ |b 164700 | ||
| 924 | |a ΠΑΣΧΑΛΙΔΗ |b ΑΘΗΝΑ |y ΛΕΣΒΟΣ |z 2009-01 | ||
| 970 | |a ΤΖΑΦΕΡΗ |b ΕΥΑΓΓΕΛΙΑ |z 2010/06/11 | ||